00000000cam 2200000zi 4500
0019.962676
003CaOODSP
00520260508110750
006m     o  d f      
007cr |n|||||||||
008260508t20142014oncdab  ob   f|0| 0 eng d
040 |aCaOODSP|beng|erda|cCaOODSP
043 |an-cn-nu
0861 |aM183-2/7470E-PDF
1001 |aYarra, Dharani Raja, |eauthor.
24510|aRecognition of hydrothermal alteration using airborne hyperspectral imagery and gold favourability mapping in the Hope Bay volcanic belt, Nunavut / |cDharani Raja Yarra, Jan Peter, Jeff Harris, Frank Fueten.
264 1|a[Ottawa] : |bGeological Survey of Canada, |c2014.
264 4|c©2014
300 |a1 online resource (1 page) : |bcharts, illustrations, maps.
336 |atext|btxt|2rdacontent
337 |acomputer|bc|2rdamedia
338 |aonline resource|bcr|2rdacarrier
4901 |aOpen file (Geological Survey of Canada) ; |v7470
504 |aIncludes bibliographical references.
520 |a"This study incorporates two increasingly important fields in the resource industry: remote sensing (RS) and mineral potential mapping (MPM)... Our study area is part of the Hope Bay Volcanic Belt (HBVB), an Archean greenstone belt that forms part of the Slave craton. The study area contains the Boston deposit, one of the larger shear zone-hosted orogenic (lode) gold deposit in the HBVB"--Introduction.
650 0|aGeological mapping|zNunavut.
650 0|aHydrothermal alteration|zNunavut.
650 6|aCartographie géologique|zNunavut.
650 6|aAltération hydrothermale|zNunavut.
7102 |aGeological Survey of Canada, |eissuing body.
830#0|aOpen file (Geological Survey of Canada)|v7470.|w(CaOODSP)9.506878
85640|qPDF|s39 MB|uhttps://publications.gc.ca/collections/collection_2026/rncan-nrcan/m183-2/M183-2-7470-eng.pdf
8564 |qHTML|sN/A|uhttps://doi.org/10.4095/293727